10 najbogatszych stanów USA według mediany dochodu - Statystyki

Ogólne statystyki
  • Ten quiz został rozwiązany 100 razy
    25 od ostatniego zresetowania
  • Średni wynik to 4 z 10
Statystyki odpowiedzi
$ Stan % Poprawnych
91 551 Kalifornia
91%
91 306 Waszyngton
74%
92 458 Hawaje
35%
89 302 Kolorado
35%
94 488 Massachusetts
35%
96 346 New Jersey
30%
89 168 Utah
26%
94 991 Maryland
22%
88 429 Connecticut
17%
89 992 New Hampshire
17%
Nie znaleziono quizów pasujących do podanych kryteriów
Rozkład punktacji
Procent ludzi z każdym wynikiem
Percentyl według liczby udzielonych odpowiedzi
Twoja historia wyników
Nie rozwiązałeś tego quizu od ostatniego zresetowania